| 000 | 00435nam a2200157Ia 4500 | ||
|---|---|---|---|
| 999 |
_c18699 _d18699 |
||
| 003 | OSt | ||
| 005 | 20200701150723.0 | ||
| 008 | 190216s9999||||xx |||||||||||||| ||und|| | ||
| 040 | _coclc | ||
| 082 |
_a923.242 _bPHI/A |
||
| 100 |
_aPhilby, H B _93423 |
||
| 245 | 0 |
_aArabian Days / _cH B Philby |
|
| 260 |
_bRobert Hale Ltd, _c1948. _aLondon: |
||
| 300 | _a336p | ||
| 942 |
_cBK _2ddc _h923.242 _iPHI/A _k923.242 _mPHI/A |
||